Face2face: (Record no. 10188)
[ view plain ]
| 000 -LEADER | |
|---|---|
| fixed length control field | 00399nam a22001217a 4500 |
| 090 ## - LOCALLY ASSIGNED LC-TYPE CALL NUMBER (OCLC); LOCAL CALL NUMBER (OCLC) | |
| -- | 10188 |
| 008 - FIXED-LENGTH DATA ELEMENTS--GENERAL INFORMATION | |
| fixed length control field | 080921t xxu||||| |||| 00| 0 eng d |
| 082 ## - DEWEY DECIMAL CLASSIFICATION NUMBER | |
| Edition number | 22 |
| Classification number | 428.24 |
| Item number | RED |
| 245 ## - TITLE STATEMENT | |
| Title | Face2face: |
| Remainder of title | Pre-intermediate Student's book CD-Rom/ |
| Statement of responsibility, etc | {Chris Redston et...} |
| 260 ## - PUBLICATION, DISTRIBUTION, ETC. (IMPRINT) | |
| Place of publication, distribution, etc | Cambridge ; New York : |
| Name of publisher, distributor, etc | Cambridge University Press, 2005 |
| Date of publication, distribution, etc | 2005 |
| 300 ## - PHYSICAL DESCRIPTION | |
| Extent | 1 CD-ROMs ( 4 3/4 in.) |
| 942 ## - ADDED ENTRY ELEMENTS (KOHA) | |
| Source of classification or shelving scheme | Dewey Decimal Classification |
| Item type | |
| Withdrawn status | Lost status | Source of classification or shelving scheme | Damaged status | Not for loan | Home library | Current library | Shelving location | Date acquired | Source of acquisition | Total Checkouts | Full call number | Barcode | Date last seen | Date last borrowed | Koha item type | Total Renewals |
|---|---|---|---|---|---|---|---|---|---|---|---|---|---|---|---|---|
| Dewey Decimal Classification | Central Library | Central Library | Second Floor | 21/09/2008 | Purchase | 1 | 428.24 RED | 000013652 | 24/08/2022 | 21/09/2008 | CD | DVD - With book (NB) | |||||
| Dewey Decimal Classification | Central Library | Central Library | Second Floor | 21/09/2008 | Purchase | 2 | 428.24 RED | 000013651 | 24/08/2022 | 21/06/2010 | CD | DVD - With book | |||||
| Dewey Decimal Classification | Central Library | Central Library | Second Floor | 21/09/2008 | Purchase | 3 | 428.24 RED | 000013650 | 24/08/2022 | 29/03/2009 | CD | DVD - With book | 2 | ||||
| Dewey Decimal Classification | Central Library | Central Library | Second Floor | 29/04/2010 | 428.24 RED | 000020747 | 24/08/2022 | CD | DVD - With book |